00448 2200157 4500001002100000008004100021035002000062245006300082100002600145260003200171300002700203020002200230084001600252082001000268990001200278INLIS000000000001441 Ind  a0010-0924000038 aJokowi For President Indonesia 2014cGayati Djajengminardo aDjajengminardo Gayati aJakartabRexa Pustakac2013 a194 hlm.c13,5 x 20 cm a978-602-7618-53-4 a010.4 GAY j a010.4 a0750945